Southville International School and Colleges
Your cart is empty.
  • Cart
  • Lists
    Public lists Eva Luna New books Lux_list list_1
    Your lists Log in to create your own lists
  • Log in to your account
  • Your cookies
  • Search history
Southville International School and Colleges
  • Advanced search
  • Recent comments
  • Most popular
  • Libraries

Log in to your account

Log in with GOOGLE


If you do not have an external account, but do have a local account, you can still log in:

  1. Home
  2. MARC view: Philippine geography for high school /
Normal view MARC view ISBD view

Philippine geography for high school / (Record no. 292219)

[ view plain ]
MARC details
000 -LEADER
fixed length control field 00579nam a2200217Ia 4500
008 - FIXED-LENGTH DATA ELEMENTS--GENERAL INFORMATION
fixed length control field 160319s9999 xx 000 0 und d
020 ## - INTERNATIONAL STANDARD BOOK NUMBER
International Standard Book Number 9715540562
050 ## - LIBRARY OF CONGRESS CALL NUMBER
Classification number 910
050 ## - LIBRARY OF CONGRESS CALL NUMBER
Item number A841p
100 ## - MAIN ENTRY--PERSONAL NAME
Personal name Aligaen, Arnold
245 ## - TITLE STATEMENT
Title Philippine geography for high school /
245 ## - TITLE STATEMENT
Statement of responsibility, etc Arnold Aligaen.
260 ## - PUBLICATION, DISTRIBUTION, ETC. (IMPRINT)
Name of publisher, distributor, etc Carlos Palanca Foundation inc.
260 ## - PUBLICATION, DISTRIBUTION, ETC. (IMPRINT)
Date of publication, distribution, etc 2000
300 ## - PHYSICAL DESCRIPTION
Extent 150 pages :
300 ## - PHYSICAL DESCRIPTION
Other physical details pictures.
300 ## - PHYSICAL DESCRIPTION
Dimensions 26 cm.
650 ## - SUBJECT ADDED ENTRY--TOPICAL TERM
Topical term or geographic name as entry element Geography -- Philippines
650 ## - SUBJECT ADDED ENTRY--TOPICAL TERM
Topical term or geographic name as entry element Geography, Historical -- Maps
700 ## - ADDED ENTRY--PERSONAL NAME
Personal name Quizon, Nerissa., added author.
Holdings
Withdrawn status Lost status Damaged status Home library Current library Shelving location Date acquired Total Checkouts Full call number Barcode Date last seen Price effective from Koha item type
      Stonyhurst Southville International School (Batangas) Stonyhurst Southville International School (Batangas) Filipiniana Section 03/19/2016   Fil 910 A841p US 0340 03/19/2016 03/19/2016 Books

Philippine geography for high school /

APA

Aligaen A., Quizon N. a. a., .Philippine geography for high school. : Carlos Palanca Foundation inc.

Chicago

Aligaen Arnold, Quizon Nerissa added author, .Philippine geography for high school. : Carlos Palanca Foundation inc.

Harvard

Aligaen A., Quizon N. a. a., .Philippine geography for high school. : Carlos Palanca Foundation inc.

MLA

Aligaen Arnold, Quizon Nerissa added author, .: Carlos Palanca Foundation inc. .

  • Place hold
  • Print
  • Cite
  • Add to your cart (remove)
  • Save record
    BIBTEX Dublin Core MARCXML MARC (non-Unicode/MARC-8) MARC (Unicode/UTF-8) MARC (Unicode/UTF-8, Standard) MODS (XML) RIS
  • More searches
    Search for this title in:
    Other Libraries (WorldCat) Other Databases (Google Scholar) Online Stores (Bookfinder.com) Open Library (openlibrary.org)

Exporting to Dublin Core...

SOUTHVILLE LIBRARY

Southville International School and Colleges Library

1281 Tropical Ave. Cor. Luxembourg St., BF Homes International, Las Pinas City

Tel. No. 8256374 / 252358 Loc. 117/146

Powered by Koha